000 00288nam a2200121Ia 4500
008 190216s9999||||xx |||||||||||||| ||und||
100 _aKumaranasan N
245 0 _aRandu Khandakrithika
260 _b"Devi Book Stall, Kerala"
_c1985
300 _a29p
650 _aKavithkal
942 _cBK
999 _c26212
_d26212